Entry Topical Term
Number of records used in: 21
001 - CONTROL NUMBER
003 - CONTROL NUMBER IDENTIFIER
005 - DATE AND TIME OF LATEST TRANSACTION
- control field:
20250411120717.0
008 - FIXED-LENGTH DATA ELEMENTS
- fixed length control field:
250411|| aca||aabn | a|a d
040 ## - CATALOGING SOURCE
- Original cataloging agency:
JRU
- Transcribing agency:
JRU
150 ## - HEADING--TOPICAL TERM
- Topical term or geographic name as entry element:
LEGAL STUDIES
670 ## - SOURCE DATA FOUND
- Source citation:
Work cat.: (JRU)8737: MASSEY, DR. I.P 8607, ADMINISTRATIVE LAW, 2023